[Event "26th WSCC 2016 Open 50+"]
[Site "Marianske Lazne, Czech Republic - Hotel Cristal and Continental"]
[Date "2016.11.20"]
[Round "2.74"]
[White "Jesensky, Jaromir"]
[Black "Danek, Pavel"]
[Result "0-1"]
[WhiteElo "1500"]
[BlackElo "1917"]
[PlyCount "64"]
[EventDate "2016.11.19"]

1. e4 e6 2. d4 d5 3. exd5 exd5 4. Bd3 f5 5. Ne2 Nf6 6. O-O Bd6 7. Re1 O-O 8.
Bf4 c6 9. c3 Qc7 10. Bxd6 Qxd6 11. f3 Re8 12. Qd2 Nh5 13. Na3 Be6 14. Qg5 g6
15. Nc2 Nd7 16. Ne3 Qe7 17. Qxe7 Rxe7 18. c4 dxc4 19. Bxc4 Nb6 20. Bxe6+ Rxe6
21. Kf2 Rae8 22. Nc3 f4 23. Ng4 Rxe1 24. Rxe1 Rxe1 25. Kxe1 Kf7 26. b3 Ke6 27.
Ke2 Nd5 28. Ne4 Nb4 29. a4 Kd5 30. Nc5 b6 31. Nd3 Nc2 32. Nb4+ Nxb4 0-1

[Event "26th WSCC 2016 Open 50+"]
[Site "Marianske Lazne, Czech Republic - Hotel Cristal and Continental"]
[Date "2016.11.20"]
[Round "2.75"]
[White "Frost, Peter"]
[Black "Muniraju, Narayanappa"]
[Result "1/2-1/2"]
[WhiteElo "1916"]
[BlackElo "1264"]
[PlyCount "71"]
[EventDate "2016.11.19"]

1. d4 Nf6 2. c4 e6 3. Nc3 g6 4. e4 d6 5. h3 Nbd7 6. Bg5 e5 7. d5 Be7 8. Bh6 Bf8
9. Be3 c5 10. dxc6 bxc6 11. Qd2 Qc7 12. Nf3 Be7 13. Bd3 O-O 14. O-O Rd8 15.
Rac1 a6 16. Rfe1 Bb7 17. Bb1 Rac8 18. Bg5 Qb8 19. Qe3 Ba8 20. b3 Qc7 21. Nh2
Rb8 22. Ng4 Nxg4 23. hxg4 Bxg5 24. Qxg5 f6 25. Qd2 Nc5 26. Qe3 Qd7 27. f3 Qb7
28. g5 Qe7 29. gxf6 Qxf6 30. Red1 Ne6 31. Ne2 c5 32. Nc3 Nf4 33. Ne2 Ne6 34.
Nc3 Nf4 35. Ne2 Ne6 36. Nc3 1/2-1/2

[Event "26th WSCC 2016 Open 50+"]
[Site "Marianske Lazne, Czech Republic - Hotel Cristal and Continental"]
[Date "2016.11.20"]
[Round "2.76"]
[White "Horackova, Isabela"]
[Black "Wolff, Peter"]
[Result "0-1"]
[WhiteElo "1165"]
[BlackElo "1912"]
[PlyCount "80"]
[EventDate "2016.11.19"]

1. e4 c6 2. d4 d5 3. Bd3 dxe4 4. Bxe4 Nf6 5. Nc3 Nxe4 6. Nxe4 Bf5 7. Qd3 e6 8.
c3 Nd7 9. Ne2 Nc5 10. Qe3 Nxe4 11. f3 Nf6 12. Ng3 Bg6 13. O-O Bd6 14. Qe1 Qc7
15. f4 O-O-O 16. f5 Bxg3 17. hxg3 Bxf5 18. Bf4 Qb6 19. Qe5 Kd7 20. b3 Ne8 21.
Rad1 f6 22. Qe2 h5 23. Rfe1 Kc8 24. Qf2 Nd6 25. c4 Ne4 26. Qe3 g5 27. c5 Qa5
28. Bd6 Nxd6 29. cxd6 Rxd6 30. a4 Rhd8 31. Qd2 Qxd2 32. Rxd2 Rxd4 33. Rb2 a5
34. Rc1 Rb4 35. Rc5 Rd3 36. Rxa5 Kb8 37. Rc5 Rxg3 38. a5 Kc7 39. a6 bxa6 40.
Ra5 Kb6 0-1

[Event "26th WSCC 2016 Open 50+"]
[Site "Marianske Lazne, Czech Republic - Hotel Cristal and Continental"]
[Date "2016.11.20"]
[Round "2.81"]
[White "Randak, Pavel"]
[Black "Kabyzhanov, Bulat"]
[Result "1/2-1/2"]
[WhiteElo "1826"]
[BlackElo "2039"]
[PlyCount "108"]
[EventDate "2016.11.19"]

1. e4 c5 2. Nf3 e6 3. d4 cxd4 4. Nxd4 Nf6 5. Nc3 d6 6. Be3 Be7 7. Be2 a6 8. a4
O-O 9. O-O Qc7 10. f4 Re8 11. Bf3 e5 12. Nde2 Nc6 13. Nd5 Nxd5 14. exd5 exf4
15. Bxf4 Ne5 16. Bxe5 dxe5 17. Kh1 Bd6 18. g3 f5 19. Rc1 Bd7 20. c4 Qa5 21. b3
Rac8 22. Nc3 Qd8 23. Rc2 b6 24. Qe1 Qe7 25. Ne2 b5 26. axb5 axb5 27. Qa5 bxc4
28. bxc4 Ra8 29. Qd2 Ra3 30. Bg2 Rc8 31. Rb1 Ba4 32. Rcc1 g6 33. Rb6 Rb3 34. c5
Rxb6 35. cxb6 Rxc1+ 36. Qxc1 Qb7 37. Qa1 Bb5 38. Qa7 Ba6 39. Nc3 Bb8 40. Qxb7
Bxb7 41. Nb5 Kf8 42. Nc7 Ke7 43. d6+ Kxd6 44. Bxb7 Bxc7 45. bxc7 Kxc7 46. Bd5
Kd6 47. Bg8 Ke7 48. Kg2 h6 49. Kf3 g5 50. g4 e4+ 51. Ke3 fxg4 52. Kxe4 Kf6 53.
Bh7 h5 54. Bf5 Kg7 1/2-1/2

[Event "26th WSCC 2016 Open 50+"]
[Site "Marianske Lazne, Czech Republic - Hotel Cristal and Continental"]
[Date "2016.11.21"]
[Round "3.1"]
[White "Petran, Peter"]
[Black "Matamoros Franco, Carlos S"]
[Result "1/2-1/2"]
[WhiteElo "2302"]
[BlackElo "2495"]
[PlyCount "34"]
[EventDate "2016.11.19"]

1. g3 e5 2. c4 Nf6 3. Bg2 c6 4. d4 e4 5. Nc3 d5 6. cxd5 cxd5 7. Bg5 Nbd7 8. Qb3
Bd6 9. e3 h6 10. Bxf6 Nxf6 11. Nge2 O-O 12. O-O Be6 13. Nb5 Bb8 14. Rfc1 h5 15.
Rc2 h4 16. Rac1 Ng4 17. h3 Nh6 1/2-1/2

[Event "26th WSCC 2016 Open 50+"]
[Site "Marianske Lazne, Czech Republic - Hotel Cristal and Continental"]
[Date "2016.11.21"]
[Round "3.2"]
[White "Stentebjerg-Hansen, Per"]
[Black "Danielsen, Henrik"]
[Result "0-1"]
[WhiteElo "2262"]
[BlackElo "2477"]
[PlyCount "42"]
[EventDate "2016.11.19"]

1. e4 d5 2. exd5 Qxd5 3. Nc3 Qd6 4. Bc4 Nf6 5. d3 a6 6. Qf3 Nc6 7. Ne4 Qe5 8.
Ne2 e6 9. Nxf6+ Qxf6 10. Qxf6 gxf6 11. Bf4 Bd6 12. a3 b5 13. Ba2 Bb7 14. Bg3
Ne7 15. f3 Nf5 16. c3 h5 17. Kf2 e5 18. Ke1 h4 19. Bf2 h3 20. g3 Bxf3 21. Rg1
Nh6 0-1

[Event "26th WSCC 2016 Open 50+"]
[Site "Marianske Lazne, Czech Republic - Hotel Cristal and Continental"]
[Date "2016.11.21"]
[Round "3.3"]
[White "Haba, Petr"]
[Black "Reprintsev, Alexander"]
[Result "0-1"]
[WhiteElo "2472"]
[BlackElo "2321"]
[PlyCount "118"]
[EventDate "2016.11.19"]

1. e4 e5 2. Nf3 Nc6 3. Bc4 Nf6 4. d3 h6 5. c3 d6 6. Nbd2 g6 7. b4 Bg7 8. Qb3
O-O 9. O-O Ne7 10. b5 a6 11. bxa6 b6 12. a4 Nc6 13. Qc2 Na5 14. Ba2 Bxa6 15.
Rd1 Nd7 16. Nb3 Nxb3 17. Bxb3 Nc5 18. Bd5 Bb7 19. Bxb7 Nxb7 20. d4 Qe8 21. dxe5
dxe5 22. Ba3 c5 23. Bb2 Na5 24. Rd5 Nc4 25. h4 Qc6 26. Qb3 Na5 27. Qc2 Qe6 28.
Rad1 Nc4 29. Nd2 Nxb2 30. Qxb2 Rxa4 31. h5 gxh5 32. Qc2 Rfa8 33. Nf1 Qf6 34.
Rd6 Qg5 35. Rxb6 Bf8 36. Ne3 c4 37. Rb5 h4 38. Qe2 Ra1 39. Qf3 Qf4 40. Rbd5
Rxd1+ 41. Nxd1 Ra1 42. Qxf4 exf4 43. Kh2 Be7 44. Nb2 Re1 45. Nxc4 Rxe4 46. Ne5
Bf6 47. Nf3 Bxc3 48. Rf5 Kg7 49. Nxh4 Bd4 50. g3 Bxf2 51. Kh3 fxg3 52. Nf3 Rc4
53. Nh4 Rxh4+ 54. Kxh4 g2+ 55. Kh3 Kg6 56. Rf4 g1=Q 57. Rf6+ Kh5 58. Rxh6+ Kg5
59. Rg6+ Kf4 0-1

[Event "26th WSCC 2016 Open 50+"]
[Site "Marianske Lazne, Czech Republic - Hotel Cristal and Continental"]
[Date "2016.11.21"]
[Round "3.4"]
[White "Yakimenko, Alexander A"]
[Black "Mohr, Georg"]
[Result "1/2-1/2"]
[WhiteElo "2240"]
[BlackElo "2461"]
[PlyCount "36"]
[EventDate "2016.11.19"]

1. d4 g6 2. e4 Bg7 3. Nf3 d6 4. Be2 Nf6 5. Nc3 O-O 6. O-O c6 7. a4 Qc7 8. Bf4
Bg4 9. h3 Bxf3 10. Bxf3 e5 11. Be3 exd4 12. Bxd4 Nbd7 13. Qd2 Rfe8 14. Rfe1
Rad8 15. Rad1 Ne5 16. Be2 d5 17. exd5 Nxd5 18. Qc1 Nxc3 1/2-1/2

[Event "26th WSCC 2016 Open 50+"]
[Site "Marianske Lazne, Czech Republic - Hotel Cristal and Continental"]
[Date "2016.11.21"]
[Round "3.5"]
[White "Arkell, Keith C"]
[Black "Bartsch, Berthold"]
[Result "1-0"]
[WhiteElo "2450"]
[BlackElo "2279"]
[PlyCount "93"]
[EventDate "2016.11.19"]

1. d4 b5 2. Nf3 Bb7 3. Bg5 Nf6 4. Bxf6 exf6 5. e3 b4 6. c3 a5 7. Nbd2 Be7 8.
Bd3 O-O 9. Qc2 h6 10. h4 c5 11. h5 bxc3 12. bxc3 cxd4 13. cxd4 Nc6 14. a3 Re8
15. O-O Ba6 16. Bxa6 Rxa6 17. Nh4 Bf8 18. Rfb1 Rb6 19. Nf5 Rxb1+ 20. Nxb1 Qa8
21. Nc3 Rc8 22. Qd3 a4 23. Nd5 Qa5 24. Qe4 Rb8 25. Nxh6+ gxh6 26. Nxf6+ Kg7 27.
Nxd7 Qc3 28. Rd1 Rd8 29. d5 Nb8 30. Qg4+ Kh8 31. Nxf8 Rxf8 32. Qxa4 Qe5 33. d6
Rd8 34. Qa8 Kg7 35. Rd4 Qc5 36. Qf3 Qxa3 37. Rg4+ Kf8 38. Qf6 Rxd6 39. Qh8+ Ke7
40. Re4+ Re6 41. Rxe6+ Kxe6 42. Qxb8 Qc1+ 43. Kh2 Qc5 44. Qe8+ Kf6 45. Qh8+ Kg5
46. Qg7+ Kxh5 47. Kh3 1-0

[Event "26th WSCC 2016 Open 50+"]
[Site "Marianske Lazne, Czech Republic - Hotel Cristal and Continental"]
[Date "2016.11.21"]
[Round "3.6"]
[White "Bruno, Fabio"]
[Black "Yuferev, Oleg"]
[Result "1/2-1/2"]
[WhiteElo "2435"]
[BlackElo "2239"]
[PlyCount "151"]
[EventDate "2016.11.19"]

1. d4 d5 2. Nf3 Nf6 3. c4 dxc4 4. e3 a6 5. Bxc4 e6 6. O-O c5 7. Bb3 Be7 8. Nc3
O-O 9. Qe2 Nbd7 10. Rd1 Qc7 11. e4 cxd4 12. Nxd4 Re8 13. Be3 Nc5 14. Rac1 Nxb3
15. Nxb3 Qb8 16. Na4 Nd7 17. Nb6 Nxb6 18. Bxb6 Bd6 19. h3 e5 20. Na5 Be6 21.
Nc4 Bf8 22. Rc2 Rc8 23. b3 Be7 24. Qe3 Rc6 25. Rcd2 h6 26. Na5 Bg5 27. Nxc6
Bxe3 28. Nxb8 Bxd2 29. Bc7 Bc3 30. Rd8+ Kh7 31. Nc6 Rxd8 32. Nxd8 b5 33. Kf1
Kg8 34. Nxe6 fxe6 35. Ke2 Kf7 36. Kd3 Bb2 37. a4 h5 38. axb5 axb5 39. Bd6 g5
40. Bb4 Bd4 41. f3 Bb6 42. Be1 Kg6 43. h4 g4 44. Ke2 Bc5 45. Bg3 Bd6 46. Be1
Be7 47. Bf2 Bd6 48. Bg3 Bc7 49. Be1 Bd8 50. g3 Be7 51. Ba5 Bd6 52. Bb6 Kh6 53.
fxg4 hxg4 54. Kd3 Kg6 55. Be3 Bb4 56. Bd2 Bc5 57. Bc3 Kf6 58. Ke2 Bd6 59. Be1
Kg6 60. Bf2 Kf6 61. Kd3 Bb4 62. Ke3 Kg6 63. Ke2 Kf6 64. Bb6 Bd6 65. Bd8+ Kg6
66. Bg5 Bc5 67. Bd2 Bd6 68. Kd3 Bc5 69. Bc3 Kf6 70. Ke2 Bd6 71. Bd2 Kg6 72. Kd3
Bc5 73. Be3 Bb4 74. Bd2 Bc5 75. Be3 Bb4 76. Bd2 1/2-1/2

[Event "26th WSCC 2016 Open 50+"]
[Site "Marianske Lazne, Czech Republic - Hotel Cristal and Continental"]
[Date "2016.11.21"]
[Round "3.7"]
[White "Habibi, Ali"]
[Black "Akesson, Ralf"]
[Result "0-1"]
[WhiteElo "2225"]
[BlackElo "2416"]
[PlyCount "98"]
[EventDate "2016.11.19"]

1. g3 d5 2. Nf3 c6 3. d3 Nf6 4. Bg2 Nbd7 5. Nbd2 e5 6. e4 Bd6 7. O-O O-O 8. Nh4
Re8 9. Nb3 Bf8 10. h3 g6 11. Be3 d4 12. Bd2 c5 13. c4 dxc3 14. bxc3 Nb6 15. Be3
c4 16. dxc4 Nxc4 17. Bg5 Qxd1 18. Rfxd1 Kg7 19. Nd2 Nb2 20. Rdc1 Nd3 21. Rc2
Be6 22. Nhf3 Bc5 23. Nb3 Nxe4 24. Nxc5 Nexc5 25. Be3 Bd5 26. Rd1 Bc6 27. Rcd2
Rac8 28. h4 Ba4 29. Rb1 b6 30. h5 f6 31. hxg6 hxg6 32. Bf1 Rcd8 33. Nh4 Rd7 34.
Bh3 f5 35. f3 Kf6 36. Bf1 Red8 37. Ng2 g5 38. Re2 f4 39. gxf4 gxf4 40. Bxc5
Nxc5 41. Ne1 Rd1 42. Rbb2 Rc1 43. c4 Rdd1 44. Kf2 Nd3+ 45. Nxd3 Rxf1+ 46. Kg2
Rg1+ 47. Kh2 Rh1+ 48. Kg2 Rcg1+ 49. Kf2 Rf1+ 0-1

[Event "26th WSCC 2016 Open 50+"]
[Site "Marianske Lazne, Czech Republic - Hotel Cristal and Continental"]
[Date "2016.11.21"]
[Round "3.8"]
[White "Smolin, Sergey"]
[Black "Vlassov, Nikolai"]
[Result "0-1"]
[WhiteElo "2224"]
[BlackElo "2415"]
[PlyCount "178"]
[EventDate "2016.11.19"]

1. g3 e5 2. Bg2 Nc6 3. e4 Bc5 4. Ne2 Nf6 5. O-O h5 6. c3 h4 7. d4 Bb6 8. Bg5
hxg3 9. hxg3 d6 10. Na3 Rh5 11. Qd2 Nxe4 12. Bxe4 Qxg5 13. Qxg5 Rxg5 14. Nc4
Bg4 15. f3 Bh3 16. Rf2 O-O-O 17. Nxb6+ axb6 18. Rh2 Bd7 19. Kf2 Ne7 20. f4 exf4
21. gxf4 Ra5 22. a3 Bc6 23. Bd3 Rf8 24. Rh7 g6 25. Ng3 Kd7 26. c4 Kd8 27. d5
Bd7 28. Ne4 Bf5 29. Ke3 b5 30. Nf6 Bxd3 31. Kxd3 bxc4+ 32. Kxc4 Rc5+ 33. Kd4
Nf5+ 34. Kd3 Ke7 35. b4 Rb5 36. Kc4 c6 37. dxc6 bxc6 38. Ng4 Rd5 39. Re1+ Kd8
40. Re4 Rd1 41. Kc3 Rf1 42. Rc4 Kd7 43. a4 Rg1 44. Nf2 Rg3+ 45. Nd3 Ne3 46. Rd4
Nd5+ 47. Kc4 Ke6 48. Rh2 Rb8 49. Re2+ Kf5 50. b5 Ne3+ 51. Kb4 c5+ 52. Nxc5
dxc5+ 53. Kxc5 Rc8+ 54. Kb6 Nc4+ 55. Kb7 Rc5 56. Re7 f6 57. Rc7 Rxc7+ 58. Kxc7
Rc3 59. b6 Na5+ 60. Kd7 Nb7 61. Rd5+ Ke4 62. Rb5 Kd4 63. Ke6 Rc6+ 64. Kd7 Rc4
65. a5 Ra4 66. Ke6 f5 67. Kf6 Rxa5 68. Rb1 Kc5 69. Kxg6 Kc6 70. Kf6 Rd5 71. Ke6
Nc5+ 72. Kf6 Kb7 73. Ke7 Nd3 74. Kf6 Nxf4 75. Rf1 Nh5+ 76. Kg5 Ng3 77. Rf4 Kxb6
78. Kg6 Rd3 79. Kg5 Kc5 80. Ra4 Rf3 81. Ra5+ Kd4 82. Ra4+ Ke3 83. Ra3+ Kf2 84.
Ra2+ Ne2 85. Kh4 f4 86. Ra4 Rd3 87. Kg4 f3 88. Ra8 Rd4+ 89. Kf5 Ke1 0-1

[Event "26th WSCC 2016 Open 50+"]
[Site "Marianske Lazne, Czech Republic - Hotel Cristal and Continental"]
[Date "2016.11.21"]
[Round "3.9"]
[White "Bagaturov, Giorgi"]
[Black "Chan, Peng Kong"]
[Result "1-0"]
[WhiteElo "2410"]
[BlackElo "2233"]
[PlyCount "81"]
[EventDate "2016.11.19"]

1. d4 d5 2. c4 c6 3. Nf3 Nf6 4. Nc3 e6 5. e3 Nbd7 6. Bd3 dxc4 7. Bxc4 b5 8. Bd3
a6 9. a4 Bb7 10. O-O b4 11. Ne4 Nxe4 12. Bxe4 Nf6 13. Bd3 c5 14. dxc5 Bxc5 15.
Qe2 O-O 16. e4 Be7 17. Rd1 Qa5 18. Nd2 Rfd8 19. Nc4 Qc7 20. Be3 Bc5 21. Rac1
Bxe3 22. Qxe3 Ng4 23. Qg3 Qxg3 24. hxg3 Rac8 25. f3 Nf6 26. Bf1 Kf8 27. Rxd8+
Rxd8 28. Na5 Ba8 29. Bxa6 Ke7 30. Bb5 Nd7 31. Rc7 Kd6 32. Ra7 Ne5 33. Nb3 g5
34. Kf2 Rb8 35. Ke2 h5 36. f4 gxf4 37. gxf4 Bxe4 38. fxe5+ Kxe5 39. Nc5 Rc8 40.
Nxe4 Kxe4 41. Bd3+ 1-0

[Event "26th WSCC 2016 Open 50+"]
[Site "Marianske Lazne, Czech Republic - Hotel Cristal and Continental"]
[Date "2016.11.21"]
[Round "3.10"]
[White "Chapman, Terry P D"]
[Black "Tunik, Gennady"]
[Result "0-1"]
[WhiteElo "2220"]
[BlackElo "2404"]
[PlyCount "132"]
[EventDate "2016.11.19"]

1. Nf3 Nf6 2. c4 e6 3. g3 b6 4. Bg2 Bb7 5. O-O c5 6. Nc3 Be7 7. d4 cxd4 8. Qxd4
O-O 9. Rd1 Nc6 10. Qf4 Qb8 11. Qxb8 Raxb8 12. Bf4 Rbc8 13. Bd6 Rfd8 14. b3 Bxd6
15. Rxd6 Kf8 16. Rad1 Ke7 17. R6d2 d6 18. h3 a6 19. g4 b5 20. cxb5 Nb4 21. g5
Rxc3 22. gxf6+ gxf6 23. Nd4 Rg8 24. f3 Nd5 25. bxa6 Bxa6 26. Kf2 Ne3 27. Rg1 e5
28. Nc6+ Rxc6 29. Kxe3 f5 30. Kf2 f4 31. h4 Bc8 32. b4 Be6 33. b5 Rb6 34. Rb2
Ra8 35. Bf1 Kf6 36. e3 fxe3+ 37. Kxe3 Ra3+ 38. Kf2 Bxa2 39. Be2 Be6 40. Rc1 d5
41. Rd1 h6 42. Bd3 Ra4 43. Kg3 Ke7 44. Rc2 Ra3 45. Kf2 Ra4 46. Kg3 Rd4 47. Rcd2
Kd6 48. Be2 Rxd2 49. Rxd2 d4 50. Rb2 f5 51. Bd3 Kd5 52. Rc2 e4 53. fxe4+ fxe4
54. Bc4+ Ke5 55. Bxe6 Rxe6 56. Rc5+ Kd6 57. Rc1 Kd5 58. Rc8 Rg6+ 59. Kf2 e3+
60. Kf3 Rf6+ 61. Ke2 Rf2+ 62. Ke1 Rb2 63. Rb8 d3 64. Rd8+ Ke4 65. Re8+ Kf3 66.
Rf8+ Kg4 0-1

[Event "26th WSCC 2016 Open 50+"]
[Site "Marianske Lazne, Czech Republic - Hotel Cristal and Continental"]
[Date "2016.11.21"]
[Round "3.11"]
[White "Daneri, Martin"]
[Black "Konopka, Michal"]
[Result "0-1"]
[WhiteElo "2113"]
[BlackElo "2396"]
[PlyCount "80"]
[EventDate "2016.11.19"]

1. b3 d6 2. Bb2 Nd7 3. e3 Ngf6 4. Nf3 g6 5. Be2 Bg7 6. c4 O-O 7. d4 e5 8. Qc2
exd4 9. Nxd4 Re8 10. Nc3 Nc5 11. O-O a5 12. h3 c6 13. Rad1 Qe7 14. Bf3 Bd7 15.
Rfe1 Rad8 16. Qd2 h5 17. Nce2 Nfe4 18. Qc1 Qh4 19. Rf1 Ng5 20. Ng3 Be5 21. Nde2
Nxf3+ 22. gxf3 Bxh3 23. Rfe1 Qf6 24. Bxe5 dxe5 25. f4 Nd3 26. Qc3 Nxe1 27. Rxe1
Bf5 28. e4 Bc8 29. Kg2 Qd6 30. fxe5 Qxe5 31. Qe3 h4 32. f4 Qb2 33. Nf1 Qc2 34.
e5 Qd3 35. Qf2 Qh3+ 36. Kg1 Rd3 37. Nd4 Rd8 38. Nc2 Qg4+ 39. Kh1 Qf3+ 40. Qxf3
Rxf3 0-1

[Event "26th WSCC 2016 Open 50+"]
[Site "Marianske Lazne, Czech Republic - Hotel Cristal and Continental"]
[Date "2016.11.21"]
[Round "3.12"]
[White "Ginsburg, Mark"]
[Black "Kilicaslan, Hasan"]
[Result "1/2-1/2"]
[WhiteElo "2340"]
[BlackElo "2225"]
[PlyCount "31"]
[EventDate "2016.11.19"]

1. c4 Nf6 2. Nc3 g6 3. e4 d6 4. d4 Bg7 5. Nf3 O-O 6. Be2 Bg4 7. Be3 Nfd7 8. Qd2
c5 9. d5 Na6 10. Bh6 Nc7 11. Bxg7 Kxg7 12. O-O a6 13. a4 Rb8 14. Ne1 Bxe2 15.
Qxe2 e6 16. dxe6 1/2-1/2

[Event "26th WSCC 2016 Open 50+"]
[Site "Marianske Lazne, Czech Republic - Hotel Cristal and Continental"]
[Date "2016.11.21"]
[Round "3.13"]
[White "Tesar, Jan"]
[Black "Meister, Jakob"]
[Result "1-0"]
[WhiteElo "2072"]
[BlackElo "2444"]
[PlyCount "70"]
[EventDate "2016.11.19"]

1. d4 e6 2. Nf3 c5 3. g3 b6 4. d5 Nf6 5. c4 Ba6 6. Qc2 Qe7 7. Bg5 exd5 8. cxd5
Qe4 9. Qxe4+ Nxe4 10. Nbd2 Nxg5 11. Nxg5 Be7 12. Nge4 O-O 13. Nc3 d6 14. Bh3 f5
15. a4 Bb7 16. O-O Na6 17. Nc4 Nc7 18. Rad1 Ba6 19. Ne3 g6 20. Rfe1 Bf6 21. Bg2
Rae8 22. Bf3 Re7 23. h4 Bg7 24. Ng2 Bc4 25. Nf4 a6 26. Rd2 b5 27. axb5 axb5 28.
Nd1 Rfe8 29. Ne3 Bb3 30. Ra1 Bd4 31. Neg2 b4 32. e3 Bf6 33. g4 fxg4 34. Bxg4 c4
35. Rc1 c3 1-0

[Event "26th WSCC 2016 Open 50+"]
[Site "Marianske Lazne, Czech Republic - Hotel Cristal and Continental"]
[Date "2016.11.21"]
[Round "3.14"]
[White "Sturua, Zurab"]
[Black "Grant, Jonathan I M"]
[Result "1-0"]
[WhiteElo "2556"]
[BlackElo "2218"]
[PlyCount "127"]
[EventDate "2016.11.19"]

1. c4 c5 2. Nf3 Nf6 3. Nc3 e6 4. g3 b6 5. Bg2 Bb7 6. O-O a6 7. b3 Be7 8. Bb2
O-O 9. e3 d5 10. d3 dxc4 11. bxc4 Qc7 12. Qe2 Rd8 13. Rfd1 Nc6 14. Rab1 Na7 15.
a4 Nc6 16. Ne1 Nb4 17. f4 Rd7 18. Rd2 Rad8 19. Rbd1 Bxg2 20. Qxg2 Qc6 21. Qxc6
Nxc6 22. Kf2 Ng4+ 23. Kf3 f5 24. h3 Nf6 25. Rg2 e5 26. Ke2 e4 27. g4 Na5 28.
gxf5 exd3+ 29. Nxd3 Nxc4 30. Ba1 Bf8 31. e4 Rd4 32. e5 Nh5 33. Rg4 Na5 34. Nf2
Nb3 35. Bb2 Rd2+ 36. Ke1 R8d4 37. Rxd2 Rxd2 38. Ncd1 b5 39. axb5 axb5 40. Ne4
Rc2 41. e6 Nd4 42. Bxd4 cxd4 43. f6 Bb4+ 44. Kf1 Rc1 45. e7 Rxd1+ 46. Kf2 Bxe7
47. fxe7 Kf7 48. Rg5 Kxe7 49. Rxh5 b4 50. Rxh7 Kf7 51. Rh5 Rb1 52. Rd5 Rb2+ 53.
Kf3 Rb3+ 54. Kg4 Rd3 55. Rd7+ Kf8 56. Nc5 Rd1 57. Rxd4 Rxd4 58. Ne6+ Ke7 59.
Nxd4 Kd6 60. Kf5 Kd5 61. Nb3 Kc4 62. Nc1 Kd4 63. Kg6 Ke3 64. f5 1-0

[Event "26th WSCC 2016 Open 50+"]
[Site "Marianske Lazne, Czech Republic - Hotel Cristal and Continental"]
[Date "2016.11.21"]
[Round "3.15"]
[White "Ivanov, Alexander"]
[Black "Bartos, Jan"]
[Result "1-0"]
[WhiteElo "2478"]
[BlackElo "2151"]
[PlyCount "61"]
[EventDate "2016.11.19"]

1. e4 e5 2. Nf3 Nc6 3. Bb5 Nge7 4. c3 a6 5. Ba4 g6 6. d4 exd4 7. cxd4 Bg7 8. d5
Na5 9. Bd2 Bxb2 10. Bxa5 Bxa1 11. Nc3 b6 12. Qxa1 bxa5 13. d6 cxd6 14. Nd5 O-O
15. Nf6+ Kh8 16. Nxd7+ f6 17. Nxf6 Ng8 18. Nd7+ Rf6 19. Ng5 Qe7 20. Nxf6 Nxf6
21. O-O h6 22. Nf3 Bb7 23. Re1 Qg7 24. e5 dxe5 25. Nxe5 Rc8 26. h3 Kh7 27. Qb1
Nd5 28. Nxg6 Nc3 29. Qf5 Be4 30. Rxe4 Nxe4 31. Nf4+ 1-0

[Event "26th WSCC 2016 Open 50+"]
[Site "Marianske Lazne, Czech Republic - Hotel Cristal and Continental"]
[Date "2016.11.21"]
[Round "3.16"]
[White "Berezjuk, Sergej"]
[Black "Urban, Zdenek"]
[Result "0-1"]
[WhiteElo "2431"]
[BlackElo "2205"]
[PlyCount "58"]
[EventDate "2016.11.19"]

1. e4 e6 2. d4 d5 3. Nc3 Nf6 4. e5 Nfd7 5. f4 c5 6. Nf3 Nc6 7. Be3 Be7 8. Be2
O-O 9. O-O b6 10. Qd2 f5 11. Nd1 cxd4 12. Nxd4 Nxd4 13. Bxd4 Nc5 14. Nf2 Qd7
15. c3 Bb7 16. Qe3 Rac8 17. Rfd1 Ba6 18. Bf3 Qe8 19. g4 g5 20. fxg5 f4 21. Qe1
Bxg5 22. b4 Bh4 23. bxc5 bxc5 24. Qd2 cxd4 25. cxd4 Qa4 26. Rac1 Qa3 27. Kg2
Qe3 28. Rxc8 Rxc8 29. Nh3 Bf1+ 0-1

[Event "26th WSCC 2016 Open 50+"]
[Site "Marianske Lazne, Czech Republic - Hotel Cristal and Continental"]
[Date "2016.11.21"]
[Round "3.17"]
[White "Kalegin, Evgenij"]
[Black "Guner, Bulent"]
[Result "1-0"]
[WhiteElo "2420"]
[BlackElo "2130"]
[PlyCount "81"]
[EventDate "2016.11.19"]

1. e4 e5 2. Nf3 Nc6 3. Bb5 a6 4. Ba4 Nf6 5. d3 b5 6. Bb3 Be7 7. O-O O-O 8. Re1
d6 9. c3 Na5 10. Bc2 c5 11. Nbd2 Re8 12. Nf1 h6 13. Ng3 Bf8 14. d4 cxd4 15.
cxd4 Nc6 16. h3 Bb7 17. d5 Nb4 18. Bb1 a5 19. a3 Na6 20. Bd3 b4 21. Bb5 Nd7 22.
Be3 Nac5 23. axb4 axb4 24. Rxa8 Bxa8 25. Bxc5 Nxc5 26. Bxe8 Qxe8 27. Qa1 Bb7
28. Qa5 Qc8 29. Rc1 Qd7 30. Nxe5 dxe5 31. Rxc5 Bxc5 32. Qxc5 b3 33. Qc3 f6 34.
Qxb3 g6 35. Qb6 Kf7 36. Ne2 f5 37. Nc3 h5 38. Nb5 Kg7 39. Nd6 Ba8 40. Qb8 Qa4
41. Qc7+ 1-0

[Event "26th WSCC 2016 Open 50+"]
[Site "Marianske Lazne, Czech Republic - Hotel Cristal and Continental"]
[Date "2016.11.21"]
[Round "3.18"]
[White "Rakhimov, Zinnour K"]
[Black "Gayson, Peter M"]
[Result "0-1"]
[WhiteElo "2398"]
[BlackElo "2127"]
[PlyCount "54"]
[EventDate "2016.11.19"]

1. e4 c5 2. Nf3 e6 3. d4 cxd4 4. c3 dxc3 5. Nxc3 d6 6. Bc4 Nc6 7. O-O Nf6 8.
Qe2 Be7 9. Rd1 e5 10. h3 O-O 11. Bg5 Be6 12. Rac1 Rc8 13. Nb5 Ne8 14. Bxe6 fxe6
15. Qc4 Qd7 16. Nxe5 Nxe5 17. Qxc8 Bxg5 18. Qxd7 Nxd7 19. Rc8 Bf6 20. Nc7 Nxc7
21. Rxc7 Nc5 22. Re1 Bxb2 23. f3 Bc3 24. Rb1 Ba5 25. Rbxb7 Nxb7 26. Rxb7 Bb6+
27. Kf1 Rc8 0-1

[Event "26th WSCC 2016 Open 50+"]
[Site "Marianske Lazne, Czech Republic - Hotel Cristal and Continental"]
[Date "2016.11.21"]
[Round "3.19"]
[White "Vokac, Marek"]
[Black "Hrbolka, Ladislav"]
[Result "1-0"]
[WhiteElo "2391"]
[BlackElo "2094"]
[PlyCount "61"]
[EventDate "2016.11.19"]

1. d4 Nf6 2. c4 e6 3. Nf3 b6 4. Bf4 Bb7 5. e3 Be7 6. Nc3 O-O 7. Bd3 d5 8. O-O
c5 9. cxd5 exd5 10. Qe2 Nc6 11. Rfd1 c4 12. Bb1 g6 13. e4 Nb4 14. e5 Nh5 15.
Bh6 Ng7 16. a3 Nc6 17. h4 Na5 18. Bc2 Re8 19. g3 Qd7 20. Kg2 a6 21. Rh1 Nf5 22.
h5 Nb3 23. hxg6 hxg6 24. Bxb3 cxb3 25. Qd2 f6 26. Rae1 Bf8 27. Bxf8 Rxf8 28.
Rh3 Rae8 29. Reh1 Re7 30. exf6 Rxf6 31. Rh8+ 1-0

[Event "26th WSCC 2016 Open 50+"]
[Site "Marianske Lazne, Czech Republic - Hotel Cristal and Continental"]
[Date "2016.11.21"]
[Round "3.20"]
[White "Koehler, Gerhard"]
[Black "Pastircak, Milan"]
[Result "1/2-1/2"]
[WhiteElo "2182"]
[BlackElo "2362"]
[PlyCount "78"]
[EventDate "2016.11.19"]

1. c4 e5 2. g3 h5 3. Bg2 h4 4. Nc3 Nc6 5. d3 Bc5 6. e3 Nf6 7. a3 a5 8. Nge2
hxg3 9. hxg3 Rxh1+ 10. Bxh1 Qe7 11. Kf1 d6 12. d4 Bb6 13. Nd5 Nxd5 14. cxd5 Nb8
15. dxe5 dxe5 16. Bd2 Bh3+ 17. Bg2 Bxg2+ 18. Kxg2 Qd7 19. Bc3 Qf5 20. Qa4+ Nd7
21. Rd1 O-O-O 22. Bxa5 Rh8 23. Ng1 Qh5 24. Bxb6 Nxb6 25. Qc2 Nxd5 26. Qe2 Qh1+
27. Kf1 Rd8 28. e4 Nf6 29. Rxd8+ Kxd8 30. f3 Qh6 31. Qd3+ Kc8 32. Qc3 Nd7 33.
Ne2 Qe6 34. Kg2 b6 35. Nc1 Nb8 36. Nd3 Nc6 37. Nb4 Nxb4 38. Qxb4 Kb7 39. Qc3 f6
1/2-1/2